000 00564nam a2200193Ia 4500
008 160319s9999 xx 000 0 und d
245 _aBody atlas : Muscle and bone; skin; defend and repair /
245 _cDiscovery Communications.
260 _aPhilippines :
260 _bMagnaVision.
260 _c1996
300 _a1 videodisc (approximately 60 min.) :
300 _bdigital, sound, color ;
300 _c4 3/4 in.
650 _aBody, Human.
650 _aHuman anatomy.
650 _aHuman physiology.
700 _a Discovery Channel (Firm)
999 _c292652
_d292652